[Event "FRA-chT3 0304"]
[Site "Franconville"]
[Date "2004.04.03"]
[Round "8.9"]
[White "Thomas, Lisa"]
[Black "Dor, Roxane"]
[Result "0-1"]
[WhiteElo "1470"]
[BlackElo "1780"]
[PlyCount "70"]
[EventDate "2004.10.10"]
[EventType "team"]
[EventRounds "9"]
[EventCountry "FRA"]
[SourceTitle "EXT 2007"]
[Source "ChessBase"]
[SourceDate "2006.11.23"]
[SourceVersion "1"]
[SourceVersionDate "2006.11.23"]
[SourceQuality "1"]

1. e4 c5 2. Nf3 d6 3. d4 cxd4 4. Nxd4 Nc6 5. c4 Nf6 6. Be3 Nxe4 7. Bd3 Nf6 8. 0-0 g6 9. Qd2 Bg7 10. Nc3 0-0 11. Bh6 Nxd4 12. Bxg7 Kxg7 13. Qe3 Nc6 14. Rfe1 Re8 15. Rad1 Be6 16. Be2 a6 17. c5 Nb4 18. Qc1 Rc8 19. a3 Nbd5 20. cxd6 Nxc3 21. bxc3 exd6 22. Qb2 Qc7 23. Rc1 Bc4 24. Bf3 Bb5 25. Red1 Bc6 26. Be2 Kg8 27. c4 Re6 28. c5 dxc5 29. Rxc5 Qe7 30. Rcc1 Rxe2 31. Qb1 Re8 32. f3 Qe3+ 33. Kh1 Bxf3 34. gxf3 Qxf3+ 35. Kg1 Qg2# 0-1

[Event "Cap d'Agde Cavalier op"]
[Site "Cap d'Agde"]
[Date "2003.10.24"]
[Round "1"]
[White "Dor, Roxane"]
[Black "Pieroni, Guillaume"]
[Result "0-1"]
[WhiteElo "1870"]
[BlackElo "2082"]
[PlyCount "76"]
[EventDate "2003.10.??"]
[EventType "swiss"]
[EventRounds "9"]
[EventCountry "FRA"]
[SourceTitle "EXT 2005"]
[Source "ChessBase"]
[SourceDate "2004.11.15"]
[SourceVersion "1"]
[SourceVersionDate "2004.11.15"]
[SourceQuality "1"]

1. d4 Nf6 2. c4 e6 3. Nc3 Bb4 4. a3 Bxc3+ 5. bxc3 c5 6. e3 Nc6 7. Bd3 e5 8. d5 Na5 9. e4 d6 10. Nf3 0-0 11. 0-0 Nd7 12. Qa4 b6 13. Be3 h6 14. Rab1 Re8 15. Qc2 Nf8 16. Nd2 g5 17. Qd1 Ng6 18. Qh5 Kg7 19. Be2 f5 20. f3 f4 21. Bf2 Ne7 22. g4 Ba6 23. Rfe1 Ng6 24. Qh3 Qd7 25. Ra1 Rh8 26. Kh1 h5 27. Rg1 Rh6 28. Qf1 Rah8 29. gxh5 Rxh5 30. Rg2 Kf6 31. Bg1 Qh7 32. Qf2 Nh4 33. Rg4 Bc8 34. Rxh4 gxh4 35. Bf1 h3 36. Ra2 Rg8 37. Nb1 Rhg5 38. Qe1 Rxg1# 0-1

[Event "FRA-ch U14 Girls"]
[Site "Le Grand Bornand"]
[Date "2003.??.??"]
[Round "4.2"]
[White "Congiu, Mathilde"]
[Black "Dor, Roxane"]
[Result "1-0"]
[WhiteElo "1887"]
[BlackElo "1730"]
[PlyCount "43"]
[EventDate "2003.??.??"]
[EventType "swiss"]
[EventRounds "9"]
[EventCountry "FRA"]
[SourceTitle "EXT 2004"]
[Source "ChessBase"]
[SourceDate "2003.11.25"]
[SourceVersion "1"]
[SourceVersionDate "2003.11.25"]
[SourceQuality "1"]

1. e4 d5 2. exd5 Nf6 3. Bb5+ Nbd7 4. d4 Nxd5 5. Nf3 g6 6. 0-0 Bg7 7. Re1 0-0 8. Bf1 N7f6 9. c4 Nb6 10. h3 Be6 11. d5 Bd7 12. Nc3 c6 13. dxc6 Bxc6 14. Qxd8 Rfxd8 15. Rxe7 Bxf3 16. gxf3 Nfd7 17. Be3 Re8 18. Rxe8+ Rxe8 19. c5 Bxc3 20. cxb6 Ba5 21. Bb5 Re7 22. bxa7 1-0

[Event "FRA-ch U14 Girls"]
[Site "Le Grand Bornand"]
[Date "2003.??.??"]
[Round "6.4"]
[White "Dor, Roxane"]
[Black "Brih, Touatia"]
[Result "0-1"]
[WhiteElo "1730"]
[BlackElo "1870"]
[PlyCount "94"]
[EventDate "2003.??.??"]
[EventType "swiss"]
[EventRounds "9"]
[EventCountry "FRA"]
[SourceTitle "EXT 2004"]
[Source "ChessBase"]
[SourceDate "2003.11.25"]
[SourceVersion "1"]
[SourceVersionDate "2003.11.25"]
[SourceQuality "1"]

1. d4 d5 2. Nf3 e6 3. e3 Nf6 4. c4 dxc4 5. Bxc4 a6 6. 0-0 c5 7. dxc5 Bxc5 8. Qxd8+ Kxd8 9. Rd1+ Ke7 10. Nc3 Nc6 11. a3 b5 12. Be2 Bb7 13. b4 Bb6 14. Bb2 Rhd8 15. Kf1 Rac8 16. Rac1 Bc7 17. Nd2 Ne5 18. Rc2 Bb8 19. Rdc1 Kf8 20. f3 Nd3 21. Bxd3 Rxd3 22. Ke2 Rdd8 23. Nb3 Nd7 24. g3 Ba7 25. e4 f6 26. Rd2 Ke7 27. Nd1 Rxc1 28. Nxc1 Nb6 29. Rxd8 Kxd8 30. Ne3 Na4 31. Ba1 Kd7 32. Nb3 e5 33. Kd3 Bc8 34. Nc1 Kd6 35. Ne2 Be6 36. Nc3 Nb6 37. Bb2 Nc4 38. Ncd1 Bxe3 39. Bxe5+ Nxe5+ 40. Kxe3 Nc4+ 41. Kd4 Nxa3 42. Ne3 Nc4 43. Nc2 a5 44. bxa5 Nxa5 45. Kc3 Kc5 46. Nb4 Bc4 47. f4 Nc6 0-1

[Event "FRA-ch U14 Girls"]
[Site "Le Grand Bornand"]
[Date "2003.??.??"]
[Round "5.7"]
[White "Dor, Roxane"]
[Black "Sidibe, Malika"]
[Result "1-0"]
[WhiteElo "1730"]
[BlackElo "1630"]
[PlyCount "125"]
[EventDate "2003.??.??"]
[EventType "swiss"]
[EventRounds "9"]
[EventCountry "FRA"]
[SourceTitle "EXT 2004"]
[Source "ChessBase"]
[SourceDate "2003.11.25"]
[SourceVersion "1"]
[SourceVersionDate "2003.11.25"]
[SourceQuality "1"]

1. d4 d5 2. Nf3 Nf6 3. c4 e6 4. e3 Nbd7 5. Nc3 Be7 6. b3 0-0 7. Bd3 Re8 8. 0-0 c5 9. cxd5 Nxd5 10. Nxd5 exd5 11. Bb2 cxd4 12. Nxd4 Bf6 13. Qh5 Nf8 14. Rac1 a6 15. Rfd1 Be6 16. Bb1 h6 17. Qe2 Nh7 18. Qd3 g6 19. Nxe6 Rxe6 20. Ba3 Re5 21. Rc5 Be7 22. Bb2 Bxc5 23. Bxe5 Rc8 24. Bb2 d4 25. exd4 Qf6 26. Qd2 Rd8 27. Qxh6 Bxd4 28. Bxd4 Rxd4 29. Rxd4 Qxd4 30. Qc1 Nf6 31. h3 Nh5 32. Qc2 Nf4 33. Kh2 Qd6 34. g3 Ne6 35. Qc8+ Nd8 36. Be4 b5 37. h4 a5 38. a4 b4 39. Qa8 Qd4 40. Kg2 Kg7 41. Bd5 Qb6 42. Qc8 Qd6 43. Qc4 Qb6 44. Bf3 Ne6 45. h5 Nd4 46. hxg6 fxg6 47. Be4 Qf6 48. Qc7+ Kh6 49. Qxa5 Nxb3 50. Qxb4 Nd4 51. a5 Qe5 52. Bb7 Ne2 53. a6 Nxg3 54. fxg3 Qe2+ 55. Kh3 Qf1+ 56. Bg2 Qf5+ 57. Qg4 Qa5 58. Qf4+ Kg7 59. Qd4+ Kf8 60. a7 Qh5+ 61. Qh4 Qf5+ 62. g4 Qd3+ 63. Qg3 1-0

[Event "FRA-ch U14 Girls"]
[Site "Hyeres"]
[Date "2002.??.??"]
[Round "3.7"]
[White "Dor, Roxane"]
[Black "Gras, Delphine"]
[Result "0-1"]
[WhiteElo "1560"]
[BlackElo "1870"]
[PlyCount "76"]
[EventDate "2002.04.05"]
[EventType "swiss"]
[EventRounds "9"]
[EventCountry "FRA"]
[SourceTitle "EXT 2003"]
[Source "ChessBase"]
[SourceDate "2002.11.25"]
[SourceVersion "1"]
[SourceVersionDate "2002.11.25"]
[SourceQuality "1"]

1. d4 d5 2. Nf3 Nf6 3. c4 e6 4. Nc3 Be7 5. e3 0-0 6. Bd3 dxc4 7. Bxc4 c5 8. 0-0 b6 9. dxc5 Bxc5 10. b3 Bb7 11. Bb2 Nc6 12. Nb5 a6 13. Nbd4 b5 14. Be2 Qc7 15. Qc2 Bd6 16. Rac1 Nxd4 17. Qxc7 Nxe2+ 18. Kh1 Bxc7 19. Rxc7 Bxf3 20. gxf3 Rfc8 21. Be5 Rxc7 22. Bxc7 Nc3 23. a3 Ncd5 24. Be5 Rc8 25. e4 Ne7 26. Rg1 Ng6 27. Bd4 Rd8 28. Be3 Rd3 29. Rb1 Nh4 30. f4 Nxe4 31. Rc1 h6 32. Rb1 Nd2 33. Rd1 Nhf3 34. Kg2 Rd5 35. b4 g5 36. fxg5 hxg5 37. Kg3 f5 38. Rc1 f4+ 0-1

[Event "FRA-chT (Women)"]
[Site "Clermont Ferrand"]
[Date "2002.??.??"]
[Round "3.4"]
[White "Dor, Roxane"]
[Black "Tatard, Marie"]
[Result "1/2-1/2"]
[WhiteElo "1560"]
[BlackElo "1590"]
[PlyCount "147"]
[EventDate "2002.??.??"]
[EventType "team"]
[EventRounds "3"]
[EventCountry "FRA"]
[SourceTitle "EXT 2003"]
[Source "ChessBase"]
[SourceDate "2002.11.25"]
[SourceVersion "1"]
[SourceVersionDate "2002.11.25"]
[SourceQuality "1"]

1. d4 Nf6 2. c4 g6 3. Nc3 Bg7 4. e4 0-0 5. Bd3 d6 6. Bg5 Nc6 7. d5 Ne5 8. f4 Nxd3+ 9. Qxd3 Nd7 10. f5 Ne5 11. Qe2 gxf5 12. Nf3 Ng6 13. exf5 Bxf5 14. Qe3 Re8 15. 0-0 Qd7 16. Nd4 Bxd4 17. Qxd4 f6 18. Bh6 Ne5 19. Qf4 Bg6 20. h4 Qg4 21. Nb5 Qxf4 22. Bxf4 Rec8 23. b3 c6 24. dxc6 bxc6 25. Nc3 Nd3 26. Be3 Nb4 27. Rac1 d5 28. cxd5 cxd5 29. a3 d4 30. Bxd4 Nc2 31. Nd5 Kf8 32. Bb2 Bf7 33. Rf2 Bxd5 34. Rfxc2 Rxc2 35. Rxc2 Bxb3 36. Rf2 Kf7 37. g4 Rg8 38. Rf4 Be6 39. g5 h6 40. Kh2 hxg5 41. hxg5 Rxg5 42. Ra4 Rc5 43. Bd4 Rh5+ 44. Kg3 a5 45. Bb6 Rh3+ 46. Kf2 Rh5 47. Rxa5 Rxa5 48. Bxa5 Kg6 49. Bb4 Kf7 50. a4 Bc4 51. a5 e5 52. Bc3 Ke6 53. Ke3 f5 54. Bd2 f4+ 55. Kf3 Kf5 56. Kf2 Bd5 57. a6 Ke4 58. Bc3 f3 59. a7 Kf4 60. Bb2 e4 61. Bc1+ Ke5 62. Be3 Ba8 63. Kg3 Kd5 64. Kf4 Kc4 65. Kg3 Kd3 66. Kf2 Kc4 67. Bf4 Kd4 68. Be3+ Kd3 69. Bf4 Kd4 70. Be3+ Ke5 71. Bd2 Kf5 72. Be3 Kg4 73. Bd4 Kg5 74. Be3+ 1/2-1/2

[Event "Saint Quentin op 4th"]
[Site "Saint Quentin"]
[Date "2001.04.19"]
[Round "6.53"]
[White "Dor, Roxane"]
[Black "Vallepin, Cedric"]
[Result "0-1"]
[WhiteElo "1330"]
[BlackElo "1490"]
[PlyCount "52"]
[EventDate "2001.04.15"]
[EventType "swiss"]
[EventRounds "9"]
[EventCountry "FRA"]
[SourceTitle "EXT 2002"]
[Source "ChessBase"]
[SourceDate "2001.11.25"]
[SourceVersion "1"]
[SourceVersionDate "2001.11.25"]
[SourceQuality "1"]

1. d4 Nf6 2. c4 g6 3. e3 d6 4. Be2 Bg7 5. Bf3 c6 6. Ne2 0-0 7. 0-0 Nbd7 8. Nbc3 Qc7 9. Bd2 e5 10. b4 Re8 11. a4 e4 12. Bxe4 Nxe4 13. Nxe4 Rxe4 14. Nc3 Re8 15. b5 Nf6 16. bxc6 bxc6 17. Qc1 Ba6 18. Nd1 d5 19. Nb2 Ng4 20. g3 Rab8 21. Rd1 Qd7 22. cxd5 cxd5 23. Qb1 Be2 24. Re1 Bf3 25. Qa2 Ne5 26. dxe5 Qh3 0-1

[Event "Saint Quentin op 4th"]
[Site "Saint Quentin"]
[Date "2001.04.18"]
[Round "5.54"]
[White "Rivier, Kevin"]
[Black "Dor, Roxane"]
[Result "0-1"]
[WhiteElo "1199"]
[BlackElo "1330"]
[PlyCount "70"]
[EventDate "2001.04.15"]
[EventType "swiss"]
[EventRounds "9"]
[EventCountry "FRA"]
[SourceTitle "EXT 2002"]
[Source "ChessBase"]
[SourceDate "2001.11.25"]
[SourceVersion "1"]
[SourceVersionDate "2001.11.25"]
[SourceQuality "1"]

1. d4 d5 2. Nf3 Nf6 3. Bg5 Nbd7 4. e3 c6 5. Nc3 e6 6. Ne5 Be7 7. f4 0-0 8. Na4 c5 9. Bb5 Qa5+ 10. c3 Qxb5 11. Qb3 Qxb3 12. axb3 c4 13. Bxf6 Nxf6 14. bxc4 dxc4 15. Nxc4 b5 16. Ne5 bxa4 17. Rxa4 Bb7 18. Rb4 Bxb4 19. cxb4 Bxg2 20. Rg1 Bd5 21. b5 Rab8 22. Rg2 Bxg2 23. Kf2 Be4 24. Nc4 Rxb5 25. Ke2 Bd5 26. b3 Rxb3 27. Nd2 Rb2 28. h4 Bc4+ 29. Ke1 Bb5 30. e4 a5 31. d5 exd5 32. exd5 Nxd5 33. f5 Re8+ 34. Kd1 Re2 35. h5 Rbxd2+ 0-1

[Event "Saint Quentin op 4th"]
[Site "Saint Quentin"]
[Date "2001.04.15"]
[Round "1.46"]
[White "Rubino, William"]
[Black "Dor, Roxane"]
[Result "1-0"]
[WhiteElo "1960"]
[BlackElo "1330"]
[PlyCount "27"]
[EventDate "2001.04.15"]
[EventType "swiss"]
[EventRounds "9"]
[EventCountry "FRA"]
[SourceTitle "EXT 2002"]
[Source "ChessBase"]
[SourceDate "2001.11.25"]
[SourceVersion "1"]
[SourceVersionDate "2001.11.25"]
[SourceQuality "1"]

1. e4 c5 2. Nf3 d6 3. c3 Nf6 4. Be2 Nxe4 5. Qa4+ Nc6 6. Qxe4 g6 7. d4 Bg7 8. dxc5 dxc5 9. 0-0 0-0 10. Rd1 Qb6 11. Nbd2 Bf5 12. Qa4 a6 13. Nf1 Be6 14. Ng5 1-0